00269nam a2200109Ia 4500008004100000082001600041100002000057245003600077260002700113300000700140650001200147191201s1969 xx 000 0 und d a621.38bCLH aCLIFFORD,Martin 0aHandbook of Transistor Circuits bD.B Taraporevalac1969 a64 aApplied